000 00689nab a2200229 a 4500
005 20210219160749.0
008 991125s1985 mx 000 0 spa u
035 _aUPN01000172075
100 1 _aFuentes Rebollo, María Jesús
100 1 _uchus@uma.es
222 _aREVISTA DE PSICOLOGIA SOCIAL
245 _aAdaptación y relaciones familiares según los adolescentes acogidos por sus abuelos
260 _aMadrid, España
300 _a53-64
362 0 _a2009 Vol. 24, no. 1, ene.
653 0 _aABUELOS
653 0 _aADOLESCENTES
653 0 _aPROBLEMAS DE CONDUCTA
700 1 _aBernedo Muñoz, Isabel María,
_ecoaut.
700 1 _ubernedo@uma.es
905 _aArticulo
999 _c144179
_d144179